Real world .NET, C#, and Silverlight (Record no. 120326)
[ view plain ]
| 000 -LEADER | |
|---|---|
| fixed length control field | 01403nam a2200361Ia 4500 |
| 100 1# - MAIN ENTRY--AUTHOR NAME | |
| Personal name | Evjen, Bill. |
| 245 10 - TITLE STATEMENT | |
| Title | Real world .NET, C#, and Silverlight |
| 260 ## - PUBLICATION, DISTRIBUTION, ETC. (IMPRINT) | |
| Place of publication | Indianapolis, IN : |
| Name of publisher | Wiley Pubishing, Inc., |
| Year of publication | c2012. |
| 300 ## - PHYSICAL DESCRIPTION | |
| Number of Pages | xxxiii, 613 p. : |
| Other physical details | ill. |
| 490 0# - SERIES STATEMENT | |
| Series statement | Wrox programmer to programmer |
| 500 ## - GENERAL NOTE | |
| General note | Includes index. |
| 650 #0 - SUBJECT ADDED ENTRY--TOPICAL TERM | |
| Topical Term | Microsoft .NET. |
| Topical Term | C# (Computer program language) |
| Topical Term | Web site development. |
| Topical Term | Application software |
| 856 40 - ELECTRONIC LOCATION AND ACCESS | |
| Uniform Resource Identifier | http://site.ebrary.com/lib/rucke/Doc?id=10510592 |
No items available.
